Loading...
| Fine Arts - Visual Fine Arts | 2 | 6 | 2 | 1 | 80 | 70 | 106.50 | 5 | 8 |
| History - European History | 1 | 5 | 1 | 0 | 60 | 71 | 97.00 | 3 | 6 |
| History - World History | 1 | 4 | 1 | 2 | 50 | 62 | 110.60 | 2 | 5 |
| History - American History | 2 | 2 | 1 | 1 | 45 | 44 | 86.00 | 3 | 4 |
| Social Science | 0 | 3 | 1 | 1 | 25 | 76 | 103.33 | 2 | 3 |
| History - Ancient History | 0 | 3 | 1 | 0 | 25 | 92 | 95.33 | 2 | 3 |
| Other Academic | 0 | 2 | 0 | 0 | 20 | 92 | 104.00 | 2 | 2 |
| Literature - American Literature | 0 | 1 | 0 | 0 | 10 | 128 | 128.00 | 0 | 1 |
| Current Events | 0 | 1 | 0 | 0 | 10 | 93 | 93.00 | 0 | 1 |
| Literature - World Literature | 0 | 1 | 0 | 0 | 10 | 154 | 154.00 | 0 | 1 |
| Mythology | 0 | 1 | 0 | 0 | 10 | 87 | 87.00 | 1 | 1 |
| Philosophy | 0 | 1 | 0 | 1 | 10 | 145 | 145.00 | 0 | 1 |
| Science - Chemistry | 0 | 1 | 0 | 0 | 10 | 105 | 105.00 | 0 | 1 |
| Geography | 0 | 0 | 1 | 0 | -5 | 0.00 | 0 | 0 | |
| Religion | 0 | 0 | 1 | 0 | -5 | 0.00 | 0 | 0 |